000 00307nam a22001337a 4500
008 170713b xxu||||| |||| 00| 0 eng d
020 _a082505006954
041 _aeng
080 _21ST
_a038
100 _a23
101 _aFJA
245 _aDICTIONARY OF GRAPHIC ARTS TERMS
_cJACKSON,K.M
942 _2udc
_cBK
999 _c20423
_d20423